Top 10 Swansea City Premier League Most Assists - Statistics

General Stats
  • This quiz has been taken 43 times
  • The average score is 6 of 11
Answer Stats
Player Assists % Correct
Nathan Dyer 12
86%
Wayne Routledge 16
86%
Gylfi Sigurðsson 29
73%
Wilfried Bony 6
65%
Jonathan de Guzmán 10
57%
Jonjo Shelvey 13
43%
Ki Sung-yueng 7
38%
Kyle Naughton 6
35%
Pablo Hernández 14
32%
Jefferson Montero 10
30%
Tom Carroll 6
19%
No matching quizzes found
Score Distribution
Percent of People with Each Score
Percentile by Number Answered
Your Score History
You have not taken this quiz